000 00847nam a2200205 u 4500
005 20240426063834.0
008 170612s2000 mx r 000 0 spa d
020 _a9701856279
035 _aUPN01000218589
049 _aCG
050 4 _aLB1578.4 N3.1-2
_bE3.8
245 0 3 _aLa educación intercultural bilingüe :
_bcuaderno de trabajo para las niñas y los niños de educación primaria indígena : primero y segundo grados : naua huasteca /
_cVíctor D. Mora Sandoval ... [et al.].
260 _aMéxico :
_bSEP, Dirección General de Educación Indígena,
_c2000.
300 _a214 p. :
_bil. col., cuadros
650 4 _aNAHUATL -
_xESTUDIO Y ENSEÑANZA
_918192
650 4 _aEducación bilingüe
_zMéxico
_915022
650 4 _aIndígenas de México
_xLenguas
_913865
700 1 _aMora Sandoval, Víctor D.,
_ecoaut.
_931577
905 _aLibro
999 _c190689
_d190689